| Tag |
First Indicator |
Second Indicator |
Subfields |
| LEADER |
00000cam a2200000Ma 4500 |
| 001 |
in00002787961 |
| 006 |
m o d |
| 007 |
cr |n||||||||| |
| 008 |
121125s2013 nyu ob 001 0 eng d |
| 005 |
20250816211100.8 |
| 020 |
|
|
|a 1136200886 (electronic bk.)
|
| 020 |
|
|
|a 9781136200885 (electronic bk.)
|
| 020 |
|
|
|z 9780415890212 (hardback)
|
| 020 |
|
|
|z 0415890217 (hardback)
|
| 020 |
|
|
|z 9780415890229 (paperback)
|
| 020 |
|
|
|z 0415890225 (paperback)
|
| 020 |
|
|
|z 9780203086490 (ebook)
|
| 020 |
|
|
|z 020308649X (ebook)
|
| 035 |
|
|
|a (OCoLC)ocn819380239
|
| 035 |
|
|
|a (NhCcYBP)ebr10630968
|
| 035 |
|
|
|a (OCoLC)819380239
|
| 040 |
|
|
|a YDXCP
|c YDXCP
|d OCLCO
|d N$T
|d E7B
|d CDX
|d IDEBK
|d TXA
|d UtOrBLW
|
| 049 |
|
|
|a TXAM
|
| 050 |
|
4 |
|a P91.3
|b .B74 2013eb
|
| 072 |
|
7 |
|a SOC
|x 052000
|2 bisacsh
|
| 082 |
0 |
4 |
|a 302.23072
|2 23
|
| 084 |
|
|
|a SOC052000
|2 bisacsh
|
| 100 |
1 |
|
|a Brennen, Bonnie.
|
| 245 |
1 |
0 |
|a Qualitative research methods for media studies /
|c Bonnie S. Brennen.
|
| 264 |
|
1 |
|a New York :
|b Routledge,
|c [2013]
|
| 264 |
|
4 |
|c ©2013
|
| 300 |
|
|
|a 1 online resource (vii, 238 pages)
|
| 336 |
|
|
|a text
|b txt
|2 rdacontent
|
| 337 |
|
|
|a computer
|b c
|2 rdamedia
|
| 338 |
|
|
|a online resource
|b cr
|2 rdacarrier
|
| 504 |
|
|
|a Includes bibliographical references and index.
|
| 520 |
|
|
|a "This book introduces the essential qualitative methods used in media research, with an emphasis on integrating theory with practice. Each method is introduced through step-by-step instruction on conducting research and interpreting research findings, alongside in-depth discussions of the historical, cultural, and theorical context of the particular method and case studies drawn from published scholarship. This text is a comprehensive and accessible introduction to qualitative methods, ideal for media and mass communication research courses"--
|c Provided by publisher.
|
| 588 |
|
|
|a Description based on print version record.
|
| 500 |
|
|
|a Electronic resource.
|
| 650 |
|
0 |
|a Mass media
|x Research
|x Methodology.
|
| 650 |
|
7 |
|a SOCIAL SCIENCE / Media Studies.
|2 bisacsh
|
| 655 |
|
7 |
|a Electronic books.
|2 local
|
| 710 |
2 |
|
|a ebrary, Inc.
|
| 776 |
0 |
8 |
|i Print version:
|z 9780415890212
|z 0415890217
|z 9780415890229
|z 0415890225
|z 9780203086490
|z 020308649X
|w (DLC) 2012015011
|
| 856 |
4 |
0 |
|u https://ebookcentral.proquest.com/lib/tamucs/detail.action?docID=1075433
|y Connect to the full text of this electronic book
|t 0
|
| 948 |
|
|
|a cataloged
|b h
|c 2013/7/29
|d c
|e jlanham
|f 12:47:36 pm
|
| 994 |
|
|
|a C0
|b TXA
|
| 999 |
f |
f |
|s ab8b37b8-21ef-35e5-b1e3-64907abdbd9b
|i d4fe0339-3fac-3ef6-b360-59a6aa6ad4a5
|t 0
|
| 999 |
|
|
|a MARS
|
| 952 |
f |
f |
|a Texas A&M University
|b College Station
|c Electronic Resources
|d Available Online
|t 0
|e P91.3 .B74 2013eb
|h Library of Congress classification
|
| 998 |
f |
f |
|a P91.3 .B74 2013eb
|t 0
|l Available Online
|